Highest Electrical Energy per Capita - Asia - Statistics

General Stats
  • This quiz has been taken 31 times
  • The average score is 11 of 15
Answer Stats
kWh/person Country % Correct
15. 4,475 China
96%
12. 7,371 Japan
92%
6. 9,720 South Korea
92%
2. 18,130 Bahrain
80%
4. 15,055 Qatar
80%
9. 8,160 Singapore
80%
13. 7,319 Israel
76%
1. 19,062 Kuwait
76%
3. 16,195 United Arab Emirates
76%
7. 9,658 Saudi Arabia
72%
11. 7,450 Oman
68%
5. 10,632 Taiwan
68%
8. 8,625 Brunei
60%
14. 4,956 Kazakhstan
48%
10. 7,481 Russia
48%
No matching quizzes found
Score Distribution
Percent of People with Each Score
Percentile by Number Answered
Your Score History
You have not taken this quiz